[Event "It"]
[Site "Bibinje CRO"]
[Date "2001.06.08"]
[Round "7"]
[White "Haba,P"]
[Black "Polak,T"]
[Result "1/2-1/2"]
[WhiteElo "2461"]
[BlackElo "2503"]

1.e4 c5 2.Nf3 d6 3.Bb5+ Nd7 4.d4 cxd4 5.Qxd4 a6 6.Bxd7+ Bxd7 7.Nc3 Nf6 8.Bg5 e6
9.O-O-O h6 10.Bh4 Be7  1/2-1/2

[Event "2nd IECC"]
[Site "Ohrid MKD"]
[Date "2001.06.09"]
[Round "8"]
[White "Organdziev,O"]
[Black "Colovic,A"]
[Result "1-0"]
[WhiteElo "2322"]
[BlackElo "2413"]

1.e4 c5 2.Nf3 d6 3.Bb5+ Bd7 4.Bxd7+ Qxd7 5.O-O Nc6 6.d4 cxd4 7.Nxd4 Nf6 8.Nc3 e6
9.b3 Be7 10.Bb2 O-O 11.h3 Rfd8 12.Re1 Rac8 13.Nf3 a6 14.Qe2 Qc7 15.Rac1 Nd7
16.Nd1 Qa5 17.Ne3 Qh5 18.Ng4 Qg6 19.c4 h5 20.Ngh2 Nde5 21.Rcd1 Kf8 22.Nd4 Bf6
23.Ba3 Be7 24.Nxc6 Nxc6 25.Rd2 a5 26.Red1 Nb4 27.Nf3 Rc5 28.Qe3 Rdc8 29.Bxb4 axb4
30.e5 d5 31.cxd5 exd5 32.Rxd5 Rxd5 33.Rxd5 Qc6 34.Rd2 Kg8 35.h4 Ra8 36.Kh2 Ra5
37.Qf4 Qe6 38.g3 Qg4 39.Qe3 Qe6 40.Qe4 b6 41.Kg2 g6 42.Qb7 g5 43.hxg5 h4
44.Nxh4 Bxg5 45.Rd4 Rxe5 46.Rxb4 Re2 47.Qf3 Rxa2 48.Re4 Qc6 49.Rg4 Qc5 50.Nf5 f6
51.Rc4 Qf8 52.Rc8  1-0

[Event "zt 2.4"]
[Site "Sao Paulo BRA"]
[Date "2001.06.09"]
[Round "3"]
[White "Vescovi,G"]
[Black "Coelho,L"]
[Result "1-0"]
[WhiteElo "2572"]
[BlackElo "2235"]

1.e4 c5 2.Nf3 d6 3.Bb5+ Bd7 4.Bxd7+ Qxd7 5.c4 Nf6 6.Nc3 Nc6 7.d4 cxd4 8.Nxd4 g6
9.f3 Bg7 10.Nde2 O-O 11.O-O Rfd8 12.Bg5 a6 13.Bxf6 Bxf6 14.Nd5 Bxb2 15.Nb6 Qc7
16.Nxa8 Rxa8 17.Rb1 Bf6 18.Qb3 Na5 19.Qb4 b5 20.cxb5 axb5 21.Kh1 Nc4 22.Qxb5 Rxa2
23.Qe8+ Kg7 24.Rb8 Kh6 25.Rc8 Qa7 26.Qf8+ Bg7 27.Qxf7 Ne3 28.Rg8 e6 29.Qf4+ g5
30.Qg3 Qf7 31.f4  1-0

[Event "zt 2.4"]
[Site "Sao Paulo BRA"]
[Date "2001.06.09"]
[Round "3"]
[White "Oblitas,C"]
[Black "Leitao,R"]
[Result "0-1"]
[WhiteElo "2404"]
[BlackElo "2587"]

1.e4 c5 2.Nf3 d6 3.Bb5+ Bd7 4.Bxd7+ Qxd7 5.O-O Nc6 6.c3 Nf6 7.Re1 e6 8.d4 cxd4
9.cxd4 d5 10.e5 Ne4 11.Nc3 Nxc3 12.bxc3 Be7 13.Ng5 h6 14.Nh3 O-O-O 15.Qa4 b6
16.Qa6+ Qb7 17.Qd3 Na5 18.Qf3 Rdf8 19.Nf4 Kb8 20.Nh5 g6 21.Nf4 Nc4 22.a4 Ka8
23.Be3 Rc8 24.Reb1 Na5 25.Bc1 Rhd8 26.Rb5 Rc4 27.Qd1 h5 28.Ne2 Rdc8 29.h3 Qd7
30.Ba3 Bxa3 31.Rxa3 Qe7 32.Ra1 g5 33.Qd3 Qe8 34.Rb4 Qg8 35.Rxc4 Rxc4 36.Ng3 h4
37.Nh5 Kb7 38.Nf6 Qg6 39.Qxg6 fxg6 40.Nh7 Nb3 41.Rd1 Rxa4 42.Nxg5 Rc4 43.Nxe6 Rxc3
44.Nf4 Rc1 45.Rxc1 Nxc1 46.Kf1 Nb3 47.Ke2 Nxd4+ 48.Kd3 Nf5 49.Nxg6 Kc6 50.Nf4 a5
51.Ne2 a4 52.g4 hxg3 53.fxg3 a3 54.Kc2 d4 55.Kb3 d3 56.Nc3 d2 57.Kxa3 Ne3
58.Kb3 b5 59.h4 b4 60.Nd1 Nxd1 61.Kc2 Ne3+ 62.Kxd2 Nc4+ 63.Kc2 Nxe5 64.h5 Ng4
65.Kb3 Kc5 66.Kb2 Kc4 67.Kc2 b3+ 68.Kb2 Kb4 69.Kb1 Kc3  0-1

[Event "White Nights"]
[Site "St Petersburg RUS"]
[Date "2001.06.10"]
[Round "2"]
[White "Pronin,Va"]
[Black "Stotika,V"]
[Result "0-1"]
[WhiteElo "2096"]
[BlackElo "2310"]

1.e4 c5 2.Nf3 d6 3.Bb5+ Bd7 4.c4 Nc6 5.Nc3 g6 6.d4 cxd4 7.Nxd4 Bg7 8.Be3 Nf6
9.h3 O-O 10.O-O Rc8 11.Nxc6 bxc6 12.Ba4 Be6 13.Bb3 Qa5 14.f4 Nd7 15.f5 gxf5
16.exf5 Bxf5 17.c5 Bg6 18.cxd6 e6 19.Qd2 Kh8 20.Bc2 Nb6 21.Bxg6 Nc4 22.Qe2 Nxe3
23.Rxf7 Rxf7 24.Bxf7 Bd4 25.Kh1 Rd8 26.Ne4 Qe5 27.Qd3 Nf5 28.Rd1 c5 29.b4 Qxe4
30.Qxe4 Ng3+ 31.Kh2 Nxe4 32.bxc5 Bxc5 33.d7 Bd6+ 34.Kg1 Rxd7 35.Bxe6  0-1

[Event "Smartchess.com Int"]
[Site "New York USA"]
[Date "2001.06.13"]
[Round "9"]
[White "Yudasin,L"]
[Black "Krush,I"]
[Result "1/2-1/2"]
[WhiteElo "2568"]
[BlackElo "2380"]

1.e4 c5 2.Nf3 d6 3.Bb5+ Bd7 4.Bxd7+ Qxd7 5.c4 Nc6 6.d4 cxd4 7.Nxd4 Nf6 8.Nc3 g6
9.f3 Bg7 10.Nde2 O-O 11.O-O a6 12.a4 Qd8 13.Kh1 Qa5 14.Rb1 Rfd8 15.Nd5 Nxd5
16.cxd5 Ne5 17.b3 Rdc8 18.h3 Qc5 19.Bg5 Qc7 20.Rc1 Qd8 21.Qd2 Nd7 22.a5 Bf6
23.Bxf6 Nxf6 24.Nd4  1/2-1/2

[Event "2nd IECC"]
[Site "Ohrid MKD"]
[Date "2001.06.13"]
[Round "12"]
[White "Ehlvest,J"]
[Black "Neverov,V"]
[Result "1-0"]
[WhiteElo "2630"]
[BlackElo "2562"]

1.e4 c5 2.Nf3 d6 3.Bb5+ Nd7 4.c3 Nf6 5.Qe2 a6 6.Ba4 e5 7.O-O Be7 8.d4 O-O
9.dxe5 dxe5 10.c4 Nb6 11.Rd1 Qc7 12.Bb3 Bg4 13.Nc3 Rad8 14.Re1 Nh5 15.h3 Bc8
16.a4 Qd6 17.a5 Nd7 18.Nd5 Nhf6 19.Ba4 Nxd5 20.exd5 f6 21.Bd2 Rf7 22.Bc3 Nf8
23.Bc2 Ng6 24.Qd3 Nf8 25.Nd2 Qc7 26.Qg3 g5 27.h4 g4 28.h5 Rg7 29.Ne4 h6 30.Qe3 Rg5
31.Nxg5 hxg5 32.Reb1 Bd6 33.b4 cxb4 34.Bxb4 Qxc4 35.Qb6 Bc7 36.Qxf6 Qxc2
37.Qxg5+ Kh8 38.Qf6+ Kg8 39.Rc1 Qh7 40.Qg5+ Kh8 41.Be7  1-0

[Event "2nd IECC"]
[Site "Ohrid MKD"]
[Date "2001.06.13"]
[Round "12"]
[White "Djuric,S"]
[Black "Aronian,L"]
[Result "1/2-1/2"]
[WhiteElo "2483"]
[BlackElo "2528"]

1.e4 c5 2.Nf3 d6 3.Bb5+ Nc6 4.O-O Bd7 5.Re1 Nf6 6.c3 a6 7.Bf1 Bg4 8.h3 Bxf3
9.Qxf3 g6 10.Na3 Bh6  1/2-1/2

[Event "FSFM June"]
[Site "Budapest HUN"]
[Date "2001.06.14"]
[Round "13"]
[White "Bacsi,A"]
[Black "Boros,De"]
[Result "0-1"]
[WhiteElo "2131"]
[BlackElo "2114"]

1.e4 c5 2.Nf3 d6 3.Bb5+ Nd7 4.O-O a6 5.Bxd7+ Bxd7 6.d4 cxd4 7.Qxd4 Nf6 8.Nc3 e6
9.e5 dxe5 10.Nxe5 Rc8 11.Bg5 Be7 12.Rad1 Bc6 13.Nxc6 Rxc6 14.Qxd8+ Bxd8 15.Rd2 O-O
16.Rfd1 Ba5 17.Bxf6 gxf6 18.Rd3 Rfc8 19.Rg3+ Kf8 20.Ne4 f5 21.Nf6 Rxc2 22.h4 Rc1
23.Nxh7+ Ke7 24.Rd3 Rxd1+ 25.Rxd1 f6  0-1

[Event "Hotel Lippa GM"]
[Site "Szentgotthard HUN"]
[Date "2001.06.14"]
[Round "2"]
[White "Estrada Nieto,J"]
[Black "Hoelzl,F"]
[Result "0-1"]
[WhiteElo "2371"]
[BlackElo "2381"]

1.e4 c5 2.Nf3 d6 3.Bb5+ Bd7 4.Bxd7+ Nxd7 5.O-O e6 6.Qe2 Be7 7.b3 Bf6 8.c3 Ne7
9.d4 cxd4 10.cxd4 Nc6 11.Bb2 O-O 12.Nbd2 Re8 13.Nc4 Nb6 14.e5 Be7 15.Rfd1 Nxc4
16.bxc4 d5 17.cxd5 Qxd5 18.Ne1 Bd8 19.Nc2 Bb6 20.Ne3 Qe4 21.f3 Qh4 22.Kh1 Rad8
23.d5 exd5 24.Nxd5 Bf2 25.Qe4 Qxe4 26.fxe4 Bc5 27.Rac1 b6 28.Nc7 Rxd1+ 29.Rxd1 Rc8
30.Nb5 a6 31.Nd6 Rd8 32.g3 f6 33.Rc1 Nxe5 34.Nb7 Rc8 35.Bxe5 fxe5 36.a4 Rc7
37.Nd8 a5 38.Ne6 Rc6 39.Nd8 Rc8 40.Nb7 Kf8 41.Kg2 Ke7 42.Kf3 Kd7 43.Nxc5+ Rxc5
44.Rb1 Kc6 45.Kg4 Rc4 46.Kf5 Rxa4 47.Kxe5 b5 48.Rf1 b4 49.Kd4 b3+ 50.Kc3 Rb4
51.Kb2 a4 52.Re1 Kd6 53.Kc3 Rb5 54.Kb2 Ke5 55.Ka3 Rb7 56.Kxa4 b2 57.Rb1 Kd4
58.e5 Kc3  0-1

[Event "White Nights"]
[Site "St Petersburg RUS"]
[Date "2001.06.15"]
[Round "7"]
[White "Polaninov,A"]
[Black "Kochyev,A"]
[Result "1/2-1/2"]
[WhiteElo "2359"]
[BlackElo "2424"]

1.e4 c5 2.Nf3 d6 3.Bb5+ Bd7 4.Bxd7+ Qxd7 5.O-O Nf6 6.Re1 Nc6 7.c3 e6 8.d4 cxd4
9.cxd4 d5 10.e5 Ne4 11.Nbd2 Nxd2 12.Bxd2 Be7 13.Rc1 O-O 14.Bg5 Rfc8  1/2-1/2

[Event "TSGM"]
[Site "Belgrade YUG"]
[Date "2001.06.16"]
[Round "1"]
[White "Kostic,Vl"]
[Black "Weinzettl,E"]
[Result "1/2-1/2"]
[WhiteElo "2383"]
[BlackElo "2422"]

1.e4 c5 2.Nf3 d6 3.Bb5+ Bd7 4.Bxd7+ Qxd7 5.O-O Nc6 6.d4 cxd4 7.Nxd4 g6 8.Nc3 Bg7
9.Nde2 Nf6 10.Bg5 O-O 11.Qd2 b5 12.Rab1  1/2-1/2

[Event "White Nights"]
[Site "St Petersburg RUS"]
[Date "2001.06.16"]
[Round "8"]
[White "Yandemirov,V"]
[Black "Biriukov,O"]
[Result "1/2-1/2"]
[WhiteElo "2472"]
[BlackElo "2372"]

1.e4 c5 2.Nf3 d6 3.Bb5+ Bd7 4.Bxd7+ Qxd7 5.O-O Nc6 6.b3 Nf6 7.Qe2 e6 8.Bb2 Be7
9.d3 O-O 10.Nbd2 Ne8 11.d4 cxd4 12.Nxd4 Nxd4 13.Bxd4 Bf6 14.Nf3 Bxd4 15.Nxd4 Nf6
16.c4 a6 17.Rfd1 Qc7 18.Rac1 Rfd8 19.Nf3 h6 20.h3 Rac8 21.e5 dxe5 22.Nxe5 Qc5
23.Ng4 Nxg4 24.Qxg4  1/2-1/2

[Event "White Nights"]
[Site "St Petersburg RUS"]
[Date "2001.06.16"]
[Round "8"]
[White "Potkin,V"]
[Black "Stotika,V"]
[Result "0-1"]
[WhiteElo "2512"]
[BlackElo "2310"]

1.e4 c5 2.Nf3 d6 3.Bb5+ Bd7 4.Bxd7+ Qxd7 5.O-O Nc6 6.c3 Nf6 7.Re1 e6 8.d4 cxd4
9.cxd4 d5 10.e5 Ng8 11.h4 Nge7 12.h5 h6 13.Nc3 Rg8 14.Qd3 g6 15.hxg6 Rxg6
16.Nh4 Rg4 17.Qh3 Rg8 18.Be3 O-O-O 19.Rac1 Kb8 20.Ne2 Nc8 21.Nf4 Be7 22.Nf3 Nb6
23.Qh5 Bb4 24.Re2 Nc4 25.Nd3 Nxe3 26.fxe3 Bf8 27.Rf1 Qe8 28.Nf4 Ne7 29.Nh4 Rg5
30.Qf3 Nf5 31.Nxf5 Rxf5 32.g4 Rg5 33.Rg2 Rd7 34.Nh5 Rc7 35.Nf6 Qc8 36.Qd1 Be7
37.Nh5 Qg8 38.Qf3 Bd8 39.Kh2 a6 40.Kh3 Qh7 41.Ng3 Rg7 42.e4 Rd7 43.Rd1 Qg6
44.Qf4 Bg5 45.Qf3 Rh7 46.exd5 Rxd5 47.Qe4 Qg8 48.Nh5 Rh8 49.Rf2 Qe8 50.Qf3 Qd8
51.Qe4 Qd7 52.Ng3 Rd8 53.Ne2 Qc7 54.Nc3 R5d7 55.d5 Qc5 56.Qd4 Qxd4 57.Rxd4 Be3  0-1

[Event "5th Open"]
[Site "Voronezh RUS"]
[Date "2001.06.16"]
[Round "5"]
[White "Batrakov,A"]
[Black "Shtyrenkov,V"]
[Result "0-1"]
[WhiteElo "2277"]
[BlackElo "2500"]

1.e4 c5 2.Nf3 d6 3.Bb5+ Nc6 4.O-O Bd7 5.d4 cxd4 6.Nxd4 Nf6 7.Nc3 g6 8.Nd5 Bg7
9.Nxf6+ Bxf6 10.Bxc6 bxc6 11.Rb1 Qa5 12.Nb3 Qa4 13.Re1 Be6 14.a3 Rb8 15.Nd2 O-O
16.b3 Qa5 17.b4 Qa6 18.Nb3 Rfc8 19.Qf3 Be5 20.Qe3 Qb6 21.Qd3 c5 22.bxc5 dxc5
23.Nd2 Qa5 24.Rxb8 Rxb8 25.Nf3 Rd8 26.Qe3 Bc3 27.Qe2 Bxe1 28.Nxe1 Bc4  0-1

[Event "TSGM"]
[Site "Belgrade YUG"]
[Date "2001.06.21"]
[Round "6"]
[White "Kostic,Vl"]
[Black "Sahovic,D"]
[Result "1-0"]
[WhiteElo "2383"]
[BlackElo "2446"]

1.e4 c5 2.Nf3 d6 3.Bb5+ Bd7 4.Bxd7+ Qxd7 5.c4 Nc6 6.O-O g6 7.d4 Bg7 8.d5 Nd4
9.Nc3 Nxf3+ 10.Qxf3 Nf6 11.Qe2 O-O 12.Bg5 Ne8 13.Rad1 Nc7 14.f4 Bd4+ 15.Kh1 e6
16.e5 exd5 17.cxd5 dxe5 18.fxe5 Nxd5 19.Qf3 Nc7 20.Ne4 Qe6 21.Nf6+ Kh8 22.Qg3 Bxe5
23.Qh4 Bxf6 24.Bxf6+ Kg8 25.Rde1 Qa6  1-0

[Event "TCh-Europe Girls U18"]
[Site "Balatonlelle HUN"]
[Date "2001.06.23"]
[Round "2"]
[White "Mar,K"]
[Black "Sasaeac,A"]
[Result "1-0"]
[WhiteElo "2084"]
[BlackElo "2102"]

1.e4 c5 2.Nf3 d6 3.Bb5+ Bd7 4.Bxd7+ Nxd7 5.c4 Ngf6 6.Nc3 g6 7.d4 cxd4 8.Nxd4 Bg7
9.O-O O-O 10.Be3 Ne5 11.b3 Nc6 12.Rc1 Qd7 13.f3 a6 14.Qd2 Rfc8 15.Rfd1 Qe8
16.Nde2 Rab8 17.Nf4 b5 18.Ncd5 Nd7 19.Qf2 Nce5 20.cxb5 axb5 21.Qd2 Nc5 22.b4 Ncd7
23.Ba7 Nc4 24.Bxb8 Rxb8 25.Qe2 Bh6 26.Rc2 e6 27.a4 exd5 28.Nxd5 Qd8 29.axb5 Na3
30.Rc7 Bg7 31.Rdc1 Kh8 32.b6 Bd4+ 33.Kh1 Nf6 34.Nxf6 Qxf6 35.b7 Kg7 36.Qa6 Be3
37.Rd1 d5 38.Qxa3 Bf4 39.Rd7 Qb6 40.R1xd5 Rxb7 41.Qc3+ Kh6 42.Rxb7 Qxb7 43.Qf6 Qc7
44.Rc5  1-0

[Event "TCh-Europe Boys U18"]
[Site "Balatonlelle HUN"]
[Date "2001.06.23"]
[Round "2"]
[White "Ferrari,N"]
[Black "Rau,H"]
[Result "0-1"]
[WhiteElo "2152"]
[BlackElo "2248"]

1.e4 c5 2.Nf3 d6 3.Bb5+ Bd7 4.Bxd7+ Qxd7 5.O-O g6 6.c3 Bg7 7.d4 e6 8.Bf4 Ne7
9.Nbd2 cxd4 10.cxd4 O-O 11.Nc4 d5 12.Nfe5 Qd8 13.exd5 Nxd5 14.Bg3 Nb6 15.Ne3 Na6
16.Qd2 Qe7 17.Rad1 Rfd8 18.N3g4 Rf8 19.Rfe1 Rad8 20.Nh6+ Kh8 21.Re4 Nd5 22.Rde1 Nac7
23.Bh4 f6 24.Nd3 Qe8 25.Nc5 g5 26.Nxb7 Bxh6 27.Nxd8 Qxd8 28.Bg3 Bg7 29.R4e2 f5
30.Be5 Bxe5 31.Rxe5 Nf4 32.g3 Nh3+ 33.Kg2 g4 34.f3 Qa8 35.d5 Nxd5 36.Rxe6 Ndf4+
37.gxf4 Qxf3+  0-1

[Event "TSGM"]
[Site "Belgrade YUG"]
[Date "2001.06.23"]
[Round "8"]
[White "Kostic,Vl"]
[Black "Arsovic,G"]
[Result "1/2-1/2"]
[WhiteElo "2383"]
[BlackElo "2415"]

1.e4 c5 2.Nf3 d6 3.Bb5+ Bd7 4.Bxd7+ Qxd7 5.c4 Nf6 6.Nc3 Nc6 7.O-O g6 8.d4 cxd4
9.Nxd4 Bg7 10.Nde2 O-O 11.Bg5 h6 12.Bxf6 Bxf6 13.Qd2 Bg7 14.f4 f5 15.Rad1 Rad8
16.Kh1 Qe6 17.Qd5 Qf7 18.exf5 gxf5 19.Qb5 e6 20.Qb3 Rd7 21.Nb5 Rfd8 22.Qg3 Kh7
23.Nbc3  1/2-1/2

[Event "TCh-Europe Boys U18"]
[Site "Balatonlelle HUN"]
[Date "2001.06.25"]
[Round "4"]
[White "Lupulescu,C"]
[Black "Szeberenyi,A"]
[Result "1-0"]
[WhiteElo "2371"]
[BlackElo "2418"]

1.e4 c5 2.Nf3 d6 3.Bb5+ Bd7 4.Bxd7+ Qxd7 5.c4 Nc6 6.d4 cxd4 7.Nxd4 Nf6 8.f3 g6
9.Be3 Bg7 10.Nc3 O-O 11.O-O Rfc8 12.Nde2 Qd8 13.Qd2 Qa5 14.b3 a6 15.a4 Nd7
16.Rab1 Re8 17.Rfc1 Rac8 18.Nf4 Nce5 19.h3 Bh6 20.Kh1 Rc6 21.Qe2 e6 22.Rc2 Bg7
23.Qd2 Bh6 24.Qe2 Bg7 25.Qd2 Bh6 26.Qd1 Bg7 27.Nfe2 f5 28.f4 Nf7 29.exf5 gxf5
30.Bd4 e5 31.Be3 Nf8 32.Qd3 exf4 33.Nxf4 Ng6 34.Nfd5 Ne7 35.Nxe7+ Rxe7 36.Nd5 Re4
37.Rf1 Ne5 38.Ne7+ Kh8 39.Nxc6 bxc6 40.Qxd6 h5 41.Bh6 Re1 42.Bxg7+ Kxg7 43.Rf2 Rxf1+
44.Rxf1 Qc3 45.Qe7+ Kh8 46.Qf8+ Kh7 47.Qxf5+ Kh6 48.Qf6+ Kh7 49.Rf5  1-0

[Event "TCh-Europe Boys U18"]
[Site "Balatonlelle HUN"]
[Date "2001.06.28"]
[Round "6"]
[White "Lupulescu,C"]
[Black "Sedlak,N"]
[Result "1/2-1/2"]
[WhiteElo "2371"]
[BlackElo "2448"]

1.e4 c5 2.Nf3 d6 3.Bb5+ Bd7 4.Bxd7+ Qxd7 5.c4 Nc6 6.d4 cxd4 7.Nxd4 g6 8.Nc3 Bg7
9.Be3 Nf6 10.f3 O-O 11.O-O a6 12.a4 e6 13.Rc1 Ne5 14.Qe2 Rfc8 15.b3 d5 16.cxd5 exd5
17.f4 Rxc3 18.Rxc3 Nxe4 19.Rc2 Ng4 20.Rfc1 h5 21.h3 Nxe3 22.Qxe3 Qd6 23.Nf3 Bh6
24.Ng5 Bxg5 25.fxg5 Qe5 26.Rd2 h4 27.Rcd1 Rd8 28.Rd4 Rd6 29.Qe1 Qxg5 30.R1d3 Ng3
31.Rg4 Re6 32.Rxg5 Rxe1+ 33.Kf2 Rf1+ 34.Ke3 Nf5+ 35.Ke2 Rb1 36.Rxd5 Ng3+
37.Rxg3  1/2-1/2

[Event "IV Copa Mercosur"]
[Site "Vicente Lopez ARG"]
[Date "2001.06.28"]
[Round "5"]
[White "Dorin,M"]
[Black "Ricardi,P"]
[Result "1/2-1/2"]
[WhiteElo "2410"]
[BlackElo "2554"]

1.e4 c5 2.Nf3 d6 3.Bb5+ Nd7 4.O-O Nf6 5.Re1 a6 6.Bxd7+ Nxd7 7.d4 cxd4 8.Nxd4 g6
9.a4 Bg7 10.a5 b5 11.axb6 Nxb6 12.b3 O-O 13.Bb2 Bd7 14.Qd2 Qb8 15.c4 a5 16.Na3 Rc8
17.Rac1 Be8 18.Rc2 Rc5 19.Ba1 Rh5 20.h3 Qb7 21.Ne2 Bxa1 22.Rxa1 Re5 23.Nc3 Bc6
24.f3 Nd7 25.Nab5 Nc5 26.Ra3 Bxb5 27.Nxb5 a4 28.b4 Nd7 29.Qd3 Rh5 30.f4 Nf6  1/2-1/2

[Event "Tan Lian Ann cup"]
[Site "Tianjin CHN"]
[Date "2001.07.01"]
[Round "18"]
[White "Ning Chunhong"]
[Black "Ding Linlin"]
[Result "1-0"]
[WhiteElo "2341"]
[BlackElo "2347"]

1.e4 c5 2.Nf3 d6 3.Bb5+ Bd7 4.Bxd7+ Qxd7 5.O-O Nc6 6.Re1 Nf6 7.c4 g6 8.Nc3 Bg7
9.d4 cxd4 10.Nxd4 O-O 11.Nc2 a6 12.Nd5 Rad8 13.Bg5 Ne8 14.Rb1 h6 15.Bh4 g5
16.Bg3 Ne5 17.Nce3 e6 18.Nc3 Ng6 19.Qd3 f5 20.exf5 exf5 21.f3 Qf7 22.Ned5 f4
23.Bf2 Ne5 24.Qe4 Nf6 25.Nxf6+ Qxf6 26.Qxb7 Rd7 27.Qe4 Qg6 28.Nd5 a5 29.Bd4 Rb7
30.Nf6+ Qxf6 31.Bxe5 Qf7 32.Bxg7 Qxg7 33.Qd5+ Kh8 34.Qxd6 Rd7 35.Qe5  1-0

[Event "Open"]
[Site "Karvina CZE"]
[Date "2001.07.02"]
[Round "3"]
[White "Hasangatin,R"]
[Black "Mironov,I"]
[Result "1-0"]
[WhiteElo "2463"]
[BlackElo "2280"]

1.e4 c5 2.Nf3 d6 3.Bb5+ Nd7 4.d4 Nf6 5.Nc3 cxd4 6.Qxd4 e5 7.Qd3 h6 8.Nd2 Be7
9.Nc4 O-O 10.Be3 Qc7 11.O-O Nc5 12.Bxc5 Qxc5 13.Ne3 Be6 14.Rfd1 Rac8 15.Ba4 Ng4
16.Nxg4 Bxg4 17.Re1 Be6 18.Bb3 a6 19.Re2 Kh8 20.Kh1 b5 21.Rd1 Bg4 22.f3 Be6
23.Rf1 Rb8 24.Nd1 a5 25.Ne3 a4 26.Bd5 Bg5 27.Rd1 g6 28.c3 Rfc8 29.a3 Rd8
30.Nc2 Bxd5 31.Qxd5 Qxd5 32.Rxd5 Be7 33.Nb4 Rdc8 34.g3 Kg7 35.Kg2 Rc4 36.f4 exf4
37.gxf4 Bf8 38.Kf3 Rcc8 39.Rd4 Re8 40.Nd5 Rbc8 41.c4 Rxc4 42.Rxc4 bxc4 43.Rc2 Rb8
44.Nc3 Rb3 45.Ke3 f5 46.exf5 gxf5 47.Kd4 Kf7 48.Kxc4 Bg7 49.Nxa4 Rf3 50.b4 Rxa3
51.Nb6 Bf6 52.Nd5 Bd8 53.Re2 Ra1 54.Kb5 Rc1 55.Re3 h5 56.h3 Bh4 57.Rc3 Rb1
58.Kc6 Be1 59.Rc4 Rb3 60.b5 Bf2 61.Rc3  1-0

[Event "Tan Lian Ann cup"]
[Site "Tianjin CHN"]
[Date "2001.07.02"]
[Round "19"]
[White "Petronic,S"]
[Black "Ding Linlin"]
[Result "1-0"]
[WhiteElo "2279"]
[BlackElo "2347"]

1.e4 c5 2.Nf3 d6 3.Bb5+ Bd7 4.Bxd7+ Qxd7 5.O-O Nc6 6.c3 Nf6 7.Qe2 e6 8.d4 cxd4
9.cxd4 d5 10.e5 Ne4 11.Nbd2 Nxd2 12.Bxd2 Be7 13.Qd3 h6 14.a3 O-O 15.b4 a6
16.Rfb1 Rfc8 17.a4 a5 18.bxa5 Nxa5 19.Bxa5 Rxa5 20.Qb3 Rc4 21.g3 Qc6 22.Kg2 Rb4
23.Qd1 Rc4 24.Qb3 Bb4 25.Ra2 Qa6 26.h4 Qa8 27.Rba1 b6 28.h5 Bc3 29.Rb1 Bxd4
30.Nxd4 Rxd4 31.Qxb6 Rdxa4 32.Rxa4 Rxa4 33.Qc7 d4+ 34.Rb7 Kh7 35.Qxf7 Qg8
36.Qg6+ Kh8 37.Re7 Ra8 38.Qxe6 Qf8 39.Rf7 Qg8 40.Qg6 Ra1 41.Qf5 Qa8+ 42.Qf3 Qxf3+
43.Kxf3 Re1 44.Rf8+ Kh7 45.Kf4 Re2 46.f3 d3 47.Rd8 d2 48.g4 g5+ 49.Kf5 Kg7
50.Rd7+ Kf8 51.Kf6 Ke8 52.Rd5 Rf2 53.Kg6 Ke7 54.Kxh6 Ke6 55.Rd3 Re2 56.Kg7 Kxe5
57.h6 Kf4 58.h7 Re7+ 59.Kg8 Re8+ 60.Kf7 Ra8 61.Rxd2 Kxf3 62.Rd4 Kg3 63.Kg7 Ra7+
64.Kg6 Ra6+ 65.Kxg5 Ra5+ 66.Kg6 Ra6+ 67.Kh5 Ra1 68.g5  1-0

[Event "Geller Mem"]
[Site "Odessa UKR"]
[Date "2001.07.03"]
[Round "1"]
[White "Shteinberg,B"]
[Black "Tishin,D"]
[Result "0-1"]
[WhiteElo "2288"]
[BlackElo "2362"]

1.e4 c5 2.Nf3 d6 3.Bb5+ Nd7 4.c3 Nf6 5.Qe2 a6 6.Ba4 b5 7.Bc2 Bb7 8.O-O g6
9.Re1 Bg7 10.d4 e5 11.d5 O-O 12.Nbd2 Ne8 13.Nf1 Nc7 14.Ng3 Nb6 15.h4 Bc8
16.h5 Bg4 17.h6 Bh8 18.Qf1 Bxf3 19.gxf3 Qh4 20.Qg2 Qd8 21.Nf5 Bf6 22.f4 Kh8
23.Ng3 exf4 24.Bxf4 Bg5 25.Bxg5 Qxg5 26.Qh3 Nc4 27.Rf1 Qf6 28.b3 Nd2 29.Rfd1 Qxc3
30.Rac1 Nf3+ 31.Kf1 Qf6 32.Rd3 Ne5 33.Re3 Qg5 34.Bd1 b4 35.Be2 Nb5 36.Kg2 Nd4
37.Rf1 Nc2 38.Rd3 Qf4 39.Rdd1 Nd4 40.Rxd4 cxd4 41.Rd1 d3 42.Rxd3 Nxd3 43.Bxd3 Ra7
44.Ne2 Qg5+ 45.Kf1 f5 46.f4 fxe4 47.Bxe4 Raf7 48.Ke1 Rxf4 49.Nxf4 Qxf4 50.Qe6 Qf2+
51.Kd1 Qd4+ 52.Ke1 Qe3+  0-1

[Event "Open"]
[Site "Batumi GEO"]
[Date "2001.07.04"]
[Round "8"]
[White "Manukian,A"]
[Black "Maisuradze,N"]
[Result "0-1"]
[WhiteElo "2124"]
[BlackElo "2212"]

1.e4 c5 2.Nf3 d6 3.Bb5+ Nc6 4.O-O Bd7 5.Re1 Nf6 6.Nc3 g6 7.Bxc6 Bxc6 8.e5 dxe5
9.Nxe5 Rc8 10.d3 Bg7 11.Qe2 Bd5 12.d4 O-O 13.dxc5 Rxc5 14.Be3 Ra5 15.Rad1 Qc7
16.Bf4 Qb6 17.Nd7 Qc6 18.Nxd5 Nxd5 19.Bd2 Rxa2 20.Nxf8 Rxb2 21.Nxh7 Kxh7
22.Qf3 Kg8 23.c4 Qxc4 24.Rc1 Qb3 25.Be3 Nxe3 26.fxe3 Qe6 27.Rc7 b5  0-1

[Event "29th World Open"]
[Site "Philadelphia USA"]
[Date "2001.07.04"]
[Round "1"]
[White "Shibut,M"]
[Black "Stolerman,J"]
[Result "1/2-1/2"]
[WhiteElo "2277"]
[BlackElo "2099"]

1.e4 c5 2.Nf3 d6 3.Bb5+ Bd7 4.Bxd7+ Qxd7 5.c4 Nc6 6.Nc3 Nf6 7.d4 cxd4 8.Nxd4 e6
9.O-O Be7 10.b3 O-O 11.Bb2 Rfd8 12.Re1 a6 13.a4 Qc7 14.Re3 Nd7 15.Rg3 Nxd4
16.Qxd4 Bf6 17.Qd2 Qb6 18.Rb1 Be5 19.Rh3 Qxb3 20.f4 Bxc3 21.Rxc3 Qb6+ 22.Kh1 Qc6
23.Rg3 f6 24.Qe2 Re8 25.Rd1 e5 26.f5 Nc5 27.Rd5 Nxa4 28.Ba3 Nc5 29.Qg4 Re7
30.Qh4 Qb6 31.Rd1 Rf7 32.Rh3 h6 33.Qg4 Kh8 34.Bc1 Qc7 35.Re1 b5 36.Qg6 bxc4
37.Bxh6 gxh6 38.Ree3 Rb8 39.Rxh6+ Rh7 40.h3 Rg8 41.Rxh7+ Qxh7 42.Qxf6+ Qg7
43.Qh4+ Qh7 44.Qf6+  1/2-1/2

[Event "Open"]
[Site "Batumi GEO"]
[Date "2001.07.05"]
[Round "9"]
[White "Khukhashvili,S"]
[Black "Bagaturov,G"]
[Result "1/2-1/2"]
[WhiteElo "2326"]
[BlackElo "2521"]

1.e4 c5 2.Nf3 d6 3.Bb5+ Nd7 4.d4 cxd4 5.Qxd4 a6 6.Bxd7+ Bxd7 7.Nc3 e5 8.Qd3 h6
9.O-O Nf6 10.Be3 Be7 11.a4 O-O 12.Nd2 Be6 13.Nc4 Rc8 14.Nb6 Rc6 15.a5 Ng4
16.Rac1 f5 17.exf5 Bxf5 18.Qd2 Qe8 19.Ncd5 Kh8 20.c4 Nf6 21.Nb4 Rc7 22.N4d5 Rc6
23.Nb4 Rc7 24.N4d5 Rc6 25.Nb4  1/2-1/2

[Event "FSIMA July"]
[Site "Budapest HUN"]
[Date "2001.07.05"]
[Round "4"]
[White "Sinn,M"]
[Black "Fernandez,Ra"]
[Result "1/2-1/2"]
[WhiteElo "2140"]
[BlackElo "2217"]

1.e4 c5 2.Nf3 d6 3.Bb5+ Bd7 4.Bxd7+ Qxd7 5.O-O Nc6 6.c3 Nf6 7.d4 e5 8.Qe2 g6
9.Rd1 Qc7 10.Na3 Nd7 11.Nb5 Qb8 12.dxe5 Ncxe5 13.Nxe5 dxe5 14.Bg5 Be7 15.Qg4 Nb6
16.Bxe7 Kxe7 17.Qh4+ f6 18.Rd6 Qf8 19.Rad1 Qf7 20.Nxa7 Rhd8 21.Rxd8 Rxd8
22.Rxd8 Kxd8 23.b3 c4 24.h3 Ke8 25.bxc4 Nxc4 26.Qg4 Qd7 27.Qh4 Qd1+ 28.Kh2 Nd2
29.Qxf6  1/2-1/2

[Event "10th AKN Weekender"]
[Site "Haarlem NED"]
[Date "2001.07.06"]
[Round "2"]
[White "Jongsma,D"]
[Black "Tiviakov,S"]
[Result "0-1"]
[WhiteElo "2232"]
[BlackElo "2618"]

1.e4 c5 2.Nf3 d6 3.Bb5+ Nc6 4.d4 cxd4 5.Nxd4 Bd7 6.O-O g6 7.Be3 Nf6 8.Nc3 Bg7
9.f3 O-O 10.Kh1 Rc8 11.Bxc6 bxc6 12.Qd2 Re8 13.Rad1 Qc7 14.Nce2 Rb8 15.c3 c5
16.Nb3 Ba4 17.Ra1 Bxb3 18.axb3 Rxb3 19.Nc1 Rb7 20.Nd3 Nd7 21.Bh6 Bh8 22.f4 Nf6
23.Qe2 c4 24.Nf2 Reb8 25.Ra2 Rb5 26.h3 R8b7 27.Rd1 Nd7 28.Ng4 Qc6 29.Rda1 Qc7
30.Ne3 Nb6 31.Rd1 Qc6 32.Qf3 f5 33.e5 Qxf3 34.gxf3 d5 35.h4 e6 36.Rd2 Nd7
37.Rg2 Kf7 38.Ra1 Nc5 39.Nd1 Nd3 40.Ra6 R5b6 41.Ra5 Bg7  0-1

[Event "29th World Open"]
[Site "Philadelphia USA"]
[Date "2001.07.06"]
[Round "5"]
[White "Curdo,J"]
[Black "Van Buskirk,C"]
[Result "1/2-1/2"]
[WhiteElo "2266"]
[BlackElo "2323"]

1.e4 c5 2.Nf3 d6 3.Bb5+ Nd7 4.c3 Nf6 5.Qe2 a6 6.Ba4 Qc7 7.O-O c4 8.Bc2 g6
9.b3 cxb3 10.axb3 Bg7 11.d4 O-O 12.c4 b6 13.Bb2 Bb7 14.Nbd2 e5 15.Rac1 exd4
16.Nxd4 Rfe8 17.f3 Qc5 18.Qf2 Nh5 19.Rcd1 Nf4 20.Rde1 b5 21.cxb5 axb5 22.Bb1 Qg5
23.Qg3 Qc5 24.Qf2 Qg5 25.Qg3 Qc5  1/2-1/2

[Event "FSIMA July"]
[Site "Budapest HUN"]
[Date "2001.07.08"]
[Round "7"]
[White "Sinn,M"]
[Black "Wang Shuai"]
[Result "0-1"]
[WhiteElo "2140"]
[BlackElo "2320"]

1.e4 c5 2.Nf3 d6 3.Bb5+ Nd7 4.d4 Nf6 5.O-O a6 6.Bxd7+ Nxd7 7.c4 e6 8.Bg5 Qb6
9.d5 Qxb2 10.dxe6 fxe6 11.Nbd2 h6 12.Rb1 Qa3 13.Bh4 g5 14.Bg3 e5 15.Nb3 Qa4
16.Qd3 Be7 17.Rfd1 Nf6 18.Nxc5 dxc5 19.Nxe5 Rg8 20.Rb6 Nxe4 21.Qd5 Rf8 22.Re1 Nxg3
23.hxg3 Qa5 24.Rbb1 Qd8 25.Ng6 Qxd5 26.cxd5 Rf7 27.d6 Bf5 28.Rxb7 Bxg6 29.dxe7 Bf5
30.f3 Bd7  0-1

[Event "ch-BEL"]
[Site "Charleroi BEL"]
[Date "2001.07.09"]
[Round "3"]
[White "Claesen,P"]
[Black "Chuchelov,V"]
[Result "1/2-1/2"]
[WhiteElo "2411"]
[BlackElo "2607"]

1.e4 c5 2.Nf3 d6 3.Bb5+ Nd7 4.O-O Nf6 5.Nc3 a6 6.Bxd7+ Bxd7 7.d4 cxd4 8.Qxd4 e5
9.Qd3 h6 10.a4 Rc8 11.b3 Qc7 12.Bb2 Be7 13.Rac1 O-O 14.Nd2 Be6 15.Nd5 Nxd5
16.exd5 Bd7 17.f4 f5 18.Qg3 Bf6 19.fxe5 Bxe5 20.Bxe5 dxe5 21.Nc4 f4 22.Qf2 e4
23.Qd4 Rce8  1/2-1/2